01110nam a2200265Ia 4500001000600000003000900006008004100015040001300056040001300069041001200082100002100094100002900115245004300144245008600187250001100273260001100284260002700295260004900322300005900371500031800430650001500748650003100763700002200794700002800816B4458IT-RoPAU130308s9999 xx 000 0 und d aIT-RoPAU cIT-RoPAU aINGLESE aMattelart Armand gCodice Aut. SPICS: 4009 aOn New Uses of Media in Time of Crisis bMedia, crisis And Democracy-Mass Communication And The Disruption Of Social Order a1a ed. aLONDON bSage Publications B.H. c1992 [1° Ed.:1992 - Ed.Ling.Originale:1992] a"19 p. (prefazione: no ; testo: 19 [pagine: 162-180])" aNuovi Usi dei Media in Tempo di Crisi. Fine dell'Eroe. Dalla Strategia Alla Tattica. Dalla Crisi rivoluzionaria al Marketing Umanitario. Scompiglio dei Democratici. sicurezza Come Uscita Dalla Crisi? Umanitarismo Come Uscitadalla Crisi? Amministrazione Permanente della Crisi. Professionalizzazionedell'Anticrisi. aSOCIOLOGIA eCodice materia Spics: 3651 aMattelart Michele gCodice Aut. SPICS: 4008